00865nab a2200205 i 4500001000400000003000400004005001700008008003900025040000800064080001000072100015900082245008400241260001000325500002100335520011000356650002600466650001300492650002100505773013300526BPPBPK20151124100112.0151124s2001 pl | | |000 ||pol cBPK a659.1 aPIENIAK, Monika.d1998 - .bPolitechnika Koszalińska - Wydział Ekonomii i Zarządzania,cKatedra Nauk Humanistycznych i Stosunków Międzynarodowych aReklama zewnętrzna w Polsce i w miastach Unii Europejskiej /cMonika Pieniak. c2001. aDane z autopsji. aNiniejszy artykuł przedstawia rodzaje reklamy zewnętrznej, jej wpływ na określone grupy społeczne. 0aReklama zewnętrzna. 0aPolska.  0aUnia Europejska. iW :tKoszalińskie Studia i Materiały. -dKoszalin : Wydaw. Uczelniane Politechniki Koszalińskiej, 2001. -gnr 3, s. 147-155